[Event "Titled Tuesday 2024.09.03 Early"]
[Site "chess.com INT"]
[Date "2024.09.03"]
[Round "2"]
[White "Atanasov, Anthony"]
[Black "Medhus, Vitus Bondo"]
[Result "1-0"]
[WhiteElo "2392"]
[BlackElo "2310"]
[PlyCount "231"]
[EventDate "2024.09.03"]
[EventType "swiss (blitz)"]
[EventRounds "11"]
[EventCountry "NET"]
[Source "Mark Crowther"]
[SourceDate "2024.09.09"]

1. d4 Nf6 2. Bf4 d5 3. Nf3 Bf5 4. e3 e6 5. c4 c6 6. Nc3 Bb4 7. Qb3 Qa5 8. a3
Bxc3+ 9. bxc3 Ne4 10. Qb4 Qxb4 11. cxb4 a5 12. b5 Nd7 13. c5 O-O 14. Nh4 Bg6
15. Nxg6 hxg6 16. f3 g5 17. Bc7 Nef6 18. Bd6 Rfe8 19. Kf2 e5 20. Rb1 exd4 21.
exd4 Nf8 22. Be5 N6d7 23. Bd6 Ne6 24. Rd1 Rac8 25. bxc6 bxc6 26. Ba6 Rcd8 27.
Bb7 Nb8 28. h4 Rd7 29. Ba8 Nc7 30. Rde1 Rxe1 31. Rxe1 gxh4 32. Bxc7 Rxc7 33.
Re8+ Kh7 34. Rxb8 g5 35. Rb7 Rc8 36. Rxf7+ Kg6 37. Ra7 Kf5 38. Rxa5 Kf4 39. Ra7
Rf8 40. Bxc6 g4 41. fxg4 Kxg4+ 42. Kg1 Kf4 43. Bxd5 Ke3 44. Bf3 Kxd4 45. c6 Kc5
46. c7 h3 47. gxh3 Kb6 48. Bg4 Kxa7 49. c8=Q Rxc8 50. Bxc8 Kb6 51. a4 Ka5 52.
h4 Kxa4 53. h5 Kb5 54. h6 Kc6 55. h7 Kc7 56. h8=Q Kb8 57. Bb7+ Ka7 58. Bh1 Kb6
59. Kg2 Kc5 60. Qc3+ Kd5 61. Kf3 Kd6 62. Ke4 Ke6 63. Qc6+ Ke7 64. Kd5 Kf7 65.
Qe6+ Kg7 66. Ke5 Kf8 67. Qd7 Kg8 68. Qe7 Kh8 69. Be4 Kg8 70. Bh7+ Kh8 71. Bg8
Kxg8 72. Ke6 Kh8 73. Kd6 Kg8 74. Kc6 Kh8 75. Kb6 Kg8 76. Ka6 Kh8 77. Ka5 Kg8
78. Ka4 Kh8 79. Ka3 Kg8 80. Ka2 Kh8 81. Ka1 Kg8 82. Kb2 Kh8 83. Kb1 Kg8 84. Kc2
Kh8 85. Kc1 Kg8 86. Kd2 Kh8 87. Kd1 Kg8 88. Ke2 Kh8 89. Ke1 Kg8 90. Kf2 Kh8 91.
Kf1 Kg8 92. Kg2 Kh8 93. Kg1 Kg8 94. Kh1 Kh8 95. Kh2 Kg8 96. Kh3 Kh8 97. Kh4 Kg8
98. Kh5 Kh8 99. Kh6 Kg8 100. Kg6 Kh8 101. Kf6 Kg8 102. Qd7 Kh8 103. Qc7 Kg8
104. Kf5 Kh8 105. Kf4 Kg8 106. Kf3 Kh8 107. Kf2 Kg8 108. Kf1 Kh8 109. Ke1 Kg8
110. Ke2 Kh8 111. Ke3 Kg8 112. Ke4 Kh8 113. Ke5 Kg8 114. Ke6 Kh8 115. Kf6 Kg8
116. Qg7# 1-0

[Event "Titled Tuesday 2024.09.03 Early"]
[Site "chess.com INT"]
[Date "2024.09.03"]
[Round "3"]
[White "Andreikin, D."]
[Black "Atanasov, Anthony"]
[Result "1-0"]
[WhiteElo "2729"]
[BlackElo "2392"]
[PlyCount "89"]
[EventDate "2024.09.03"]
[EventType "swiss (blitz)"]
[EventRounds "11"]
[EventCountry "NET"]
[Source "Mark Crowther"]
[SourceDate "2024.09.09"]

1. d4 Nf6 2. c4 g6 3. Nc3 d5 4. e3 Bg7 5. Nf3 O-O 6. Bd2 c5 7. dxc5 Nc6 8. Rc1
Be6 9. Ng5 Bg4 10. Be2 Bxe2 11. Qxe2 d4 12. exd4 Nxd4 13. Qd1 Rc8 14. b4 a5 15.
a3 axb4 16. axb4 b6 17. O-O bxc5 18. b5 Nd7 19. Bf4 Nb6 20. Nce4 e5 21. Be3 f5
22. Bxd4 Qxd4 23. Qxd4 cxd4 24. Nd6 Bh6 25. h4 Bxg5 26. Nxc8 Bxc1 27. Nxb6 Bf4
28. g3 Rb8 29. Nd7 Rd8 30. gxf4 Rxd7 31. c5 Rd5 32. b6 Rxc5 33. Rb1 Rc8 34. b7
Rb8 35. fxe5 Kf7 36. Rb6 d3 37. Kf1 h6 38. f4 g5 39. hxg5 hxg5 40. fxg5 f4 41.
Ke1 f3 42. Rb3 Ke6 43. g6 Kxe5 44. g7 Rg8 45. b8=Q+ 1-0

[Event "Titled Tuesday 2024.09.03 Early"]
[Site "chess.com INT"]
[Date "2024.09.03"]
[Round "4"]
[White "Atanasov, Anthony"]
[Black "Glek, I."]
[Result "1-0"]
[WhiteElo "2392"]
[BlackElo "2402"]
[PlyCount "53"]
[EventDate "2024.09.03"]
[EventType "swiss (blitz)"]
[EventRounds "11"]
[EventCountry "NET"]
[Source "Mark Crowther"]
[SourceDate "2024.09.09"]

1. d4 e6 2. Bf4 f5 3. e3 Nf6 4. Nf3 d6 5. Be2 g6 6. O-O Bg7 7. c4 O-O 8. Nc3 h6
9. Rc1 g5 10. Bg3 Qe7 11. b4 Nc6 12. b5 Nd8 13. c5 Nf7 14. cxd6 cxd6 15. h4 e5
16. dxe5 dxe5 17. hxg5 hxg5 18. Bc4 f4 19. Nxg5 fxg3 20. fxg3 Bg4 21. Qc2 Qc5
22. Nd5 Nxg5 23. Ne7+ Kh8 24. Ng6+ Kh7 25. Nxf8+ Kh8 26. Qh7+ Ngxh7 27. Ng6#
1-0

[Event "Titled Tuesday 2024.09.03 Early"]
[Site "chess.com INT"]
[Date "2024.09.03"]
[Round "5"]
[White "Sargsyan, Anna M."]
[Black "Atanasov, Anthony"]
[Result "0-1"]
[WhiteElo "2364"]
[BlackElo "2392"]
[PlyCount "100"]
[EventDate "2024.09.03"]
[EventType "swiss (blitz)"]
[EventRounds "11"]
[EventCountry "NET"]
[Source "Mark Crowther"]
[SourceDate "2024.09.09"]

1. d4 d5 2. c4 c6 3. Nc3 Nf6 4. Nf3 a6 5. cxd5 cxd5 6. Bg5 Nc6 7. e3 e6 8. Bd3
Be7 9. O-O O-O 10. Rc1 Na5 11. Ne5 b5 12. Qc2 h6 13. Bxf6 Bxf6 14. a4 b4 15.
Ne2 Bxe5 16. dxe5 Bd7 17. Nd4 Rc8 18. Qe2 Bxa4 19. Bxa6 Rxc1 20. Rxc1 Qb6 21.
Bd3 Nb3 22. Nxb3 Bxb3 23. h3 Qb8 24. f4 Rc8 25. Ra1 Bc4 26. Kh2 Qb5 27. Rc1 Rc6
28. Qc2 b3 29. Qc3 Ra6 30. Bb1 Qa5 31. Qd4 Qb6 32. Qc3 g6 33. e4 Qf2 34. f5
Qf4+ 35. Kh1 Rc6 36. Re1 Qf2 37. fxg6 Bf1 38. gxf7+ Kh7 39. Qf3 Bxg2+ 40. Qxg2
Qxe1+ 41. Kh2 Rc8 42. Bd3 d4 43. Qf3 Qd2+ 44. Kg3 Qg5+ 45. Kh2 Kg7 46. h4 Qxe5+
47. Kg2 Qf6 48. Qh3 Rc2+ 49. Bxc2 bxc2 50. Qg4+ Kxf7 0-1

[Event "Titled Tuesday 2024.09.03 Early"]
[Site "chess.com INT"]
[Date "2024.09.03"]
[Round "6"]
[White "Anton Guijarro, D."]
[Black "Atanasov, Anthony"]
[Result "1-0"]
[WhiteElo "2665"]
[BlackElo "2392"]
[PlyCount "113"]
[EventDate "2024.09.03"]
[EventType "swiss (blitz)"]
[EventRounds "11"]
[EventCountry "NET"]
[Source "Mark Crowther"]
[SourceDate "2024.09.09"]

1. Nf3 Nf6 2. b3 d5 3. Bb2 Bf5 4. Nh4 Bc8 5. g3 c5 6. Bg2 Nc6 7. Nf3 Bf5 8. O-O
e6 9. d3 Be7 10. c4 O-O 11. Nc3 d4 12. Nb1 e5 13. Nbd2 Qd7 14. Ng5 Rae8 15. a3
a5 16. Qc2 Bg4 17. Rae1 h6 18. Nge4 Nh7 19. f3 Be6 20. Nf2 f5 21. f4 exf4 22.
gxf4 Bd6 23. Nh3 g5 24. fxg5 hxg5 25. e3 dxe3 26. Rxe3 f4 27. Rxe6 Rxe6 28. Bd5
Ne7 29. Bxe6+ Qxe6 30. Ne4 Be5 31. Nxc5 Qxh3 32. Bxe5 Qe3+ 33. Qf2 Qxe5 34. Nd7
Qf5 35. Nxf8 Nxf8 36. Re1 Neg6 37. d4 Nh4 38. d5 Nd7 39. d6 Ne5 40. Kh1 Nhf3
41. Rd1 g4 42. Qb6 Qe4 43. Qd8+ Kf7 44. Qe7+ Kg6 45. Qe6+ Kh5 46. Qe8+ Kh6 47.
Qe6+ Kg5 48. Qe7+ Kf5 49. Qh7+ Ng6 50. Qf7+ Kg5 51. Qd5+ Qxd5 52. Rxd5+ Kh4 53.
d7 g3 54. d8=Q+ Kh3 55. hxg3 fxg3 56. Qd7+ Kh4 57. Rd4+ 1-0

[Event "Titled Tuesday 2024.09.03 Late"]
[Site "chess.com INT"]
[Date "2024.09.03"]
[Round "1"]
[White "Atanasov, Anthony"]
[Black "Walentukiewicz, M."]
[Result "1-0"]
[WhiteElo "2392"]
[BlackElo "2075"]
[PlyCount "57"]
[EventDate "2024.09.03"]
[EventType "swiss (blitz)"]
[EventRounds "11"]
[EventCountry "NET"]
[Source "Mark Crowther"]
[SourceDate "2024.09.09"]

1. d4 Nf6 2. Bf4 d5 3. e3 g6 4. Nf3 Bg7 5. Bd3 O-O 6. Nbd2 c5 7. c3 Nc6 8. Ne5
Nd7 9. Nxd7 Bxd7 10. Nf3 Re8 11. h4 Bg4 12. h5 Bxh5 13. Rxh5 gxh5 14. Ng5 h6
15. Qxh5 Rf8 16. Nh7 Re8 17. Bxh6 Qd6 18. Bf4 e5 19. Ng5 Re7 20. dxe5 Nxe5 21.
Bh7+ Kf8 22. O-O-O Qb8 23. Rxd5 Qe8 24. Bf5 Rd8 25. Bxe5 Rxe5 26. Rxd8 Rxf5 27.
Nh7+ Ke7 28. Rxe8+ Kxe8 29. Qxf5 1-0

[Event "Titled Tuesday 2024.09.03 Late"]
[Site "chess.com INT"]
[Date "2024.09.03"]
[Round "2"]
[White "Novik, Ma"]
[Black "Atanasov, Anthony"]
[Result "1-0"]
[WhiteElo "2411"]
[BlackElo "2392"]
[PlyCount "69"]
[EventDate "2024.09.03"]
[EventType "swiss (blitz)"]
[EventRounds "11"]
[EventCountry "NET"]
[Source "Mark Crowther"]
[SourceDate "2024.09.09"]

1. d4 d5 2. c4 e6 3. Nc3 Be7 4. cxd5 exd5 5. Bf4 c6 6. Qc2 g6 7. e3 Bf5 8. Bd3
Bxd3 9. Qxd3 Nf6 10. Nf3 Nbd7 11. h4 h5 12. O-O-O Ng4 13. Rhf1 f5 14. Ng5 Bxg5
15. Bxg5 Qc7 16. f3 Ngf6 17. e4 O-O 18. exf5 gxf5 19. Qxf5 Kg7 20. Qd3 Rae8 21.
Rde1 Qg3 22. Ne2 Qd6 23. Nf4 Nh7 24. Nxh5+ Kg8 25. g4 c5 26. Kb1 c4 27. Qc2
Nxg5 28. hxg5 Rxe1+ 29. Rxe1 Rxf3 30. Qe2 Qg6+ 31. Ka1 Rf8 32. Qe7 Qf7 33. a4
Qxe7 34. Rxe7 Rf7 35. Rxd7 1-0

[Event "Titled Tuesday 2024.09.10 Late"]
[Site "chess.com INT"]
[Date "2024.09.10"]
[Round "1"]
[White "Brunner, N."]
[Black "Atanasov, Anthony"]
[Result "1-0"]
[WhiteElo "2427"]
[BlackElo "2392"]
[PlyCount "111"]
[EventDate "2024.09.10"]
[EventType "swiss (blitz)"]
[EventRounds "11"]
[EventCountry "NET"]
[Source "Mark Crowther"]
[SourceDate "2024.09.16"]

1. Nf3 d5 2. g3 Nc6 3. d4 Bf5 4. Bg2 Nb4 5. Na3 e6 6. O-O Be7 7. c3 Nc6 8. Nc2
h5 9. h4 Be4 10. Ng5 Bxg2 11. Kxg2 Qd7 12. b4 a6 13. a4 f6 14. Nh3 Bd6 15. Qd3
Kf7 16. e4 dxe4 17. Qxe4 Nge7 18. Bf4 Ng6 19. Bxd6 cxd6 20. d5 Nce7 21. dxe6+
Qxe6 22. Qxb7 d5 23. Rfe1 Qc8 24. Qxc8 Rhxc8 25. Re3 Nf5 26. Rd3 Ne5 27. Rxd5
Rxc3 28. Nd4 Rxg3+ 29. fxg3 Ne3+ 30. Kg1 Nxd5 31. b5 axb5 32. Nxb5 Ra5 33. Nf2
Kg6 34. Ne4 Kf5 35. Nec3 Nxc3 36. Nxc3 g5 37. Rf1+ Kg4 38. Rxf6 Kxg3 39. hxg5
Nf3+ 40. Kf1 Re5 41. Ne2+ Kg4 42. g6 Rg5 43. a5 Nd2+ 44. Ke1 Ne4 45. Rf4+ Kh3
46. Rxe4 Rxa5 47. g7 Rg5 48. Re7 h4 49. Nf4+ Kh2 50. Ne6 Rg1+ 51. Kf2 h3 52.
Re8 Rg2+ 53. Kf3 Rg3+ 54. Kf4 Kh1 55. Kxg3 h2 56. Ra8 1-0

[Event "Titled Tuesday 2024.09.10 Late"]
[Site "chess.com INT"]
[Date "2024.09.10"]
[Round "2"]
[White "Atanasov, Anthony"]
[Black "Jing, Andrew"]
[Result "1-0"]
[WhiteElo "2392"]
[BlackElo "2057"]
[PlyCount "45"]
[EventDate "2024.09.10"]
[EventType "swiss (blitz)"]
[EventRounds "11"]
[EventCountry "NET"]
[Source "Mark Crowther"]
[SourceDate "2024.09.16"]

1. e4 c5 2. Nf3 e6 3. d4 cxd4 4. Nxd4 Nf6 5. Bd3 d5 6. e5 Nfd7 7. f4 Nc6 8. c3
Bc5 9. Be3 Qb6 10. Na3 Nxd4 11. cxd4 Bxd4 12. Bxd4 Qxd4 13. Nb5 Qxf4 14. Nc7+
Kd8 15. Nxa8 Qxe5+ 16. Be2 Qb8 17. Qd4 Nf6 18. O-O Qxa8 19. Rxf6 Ke7 20. Qb4+
Kxf6 21. Rf1+ Kg6 22. Qg4+ Kh6 23. Qh5# 1-0

[Event "Titled Tuesday 2024.09.10 Late"]
[Site "chess.com INT"]
[Date "2024.09.10"]
[Round "3"]
[White "Fang, Elbert"]
[Black "Atanasov, Anthony"]
[Result "0-1"]
[WhiteElo "2103"]
[BlackElo "2392"]
[PlyCount "48"]
[EventDate "2024.09.10"]
[EventType "swiss (blitz)"]
[EventRounds "11"]
[EventCountry "NET"]
[Source "Mark Crowther"]
[SourceDate "2024.09.16"]

1. d4 d5 2. c4 e6 3. g3 c5 4. cxd5 exd5 5. Nf3 Nc6 6. Bg2 Nf6 7. O-O Bf5 8. Nc3
c4 9. Bf4 Be7 10. Ne5 O-O 11. Kh1 Bb4 12. Bg5 Bxc3 13. bxc3 h6 14. Bxf6 Qxf6
15. Bxd5 Nxe5 16. dxe5 Qxe5 17. Bf3 Qxc3 18. Qd5 Be6 19. Qxb7 Qa3 20. Qe4 c3
21. Qc2 Rab8 22. Rfc1 Rfc8 23. Rab1 Rb2 24. Qd3 Rxb1 0-1

[Event "Titled Tuesday 2024.09.10 Late"]
[Site "chess.com INT"]
[Date "2024.09.10"]
[Round "4"]
[White "Atanasov, Anthony"]
[Black "Brilej, Jaka"]
[Result "1-0"]
[WhiteElo "2392"]
[BlackElo "2280"]
[PlyCount "31"]
[EventDate "2024.09.10"]
[EventType "swiss (blitz)"]
[EventRounds "11"]
[EventCountry "NET"]
[Source "Mark Crowther"]
[SourceDate "2024.09.16"]

1. e4 c5 2. Nf3 d6 3. d4 cxd4 4. Nxd4 Nf6 5. Nc3 a6 6. Bg5 e6 7. f4 h6 8. Bh4
Nbd7 9. Bd3 e5 10. fxe5 dxe5 11. Nb3 Bb4 12. O-O Qc7 13. Nd5 Nxd5 14. exd5 O-O
15. Qg4 Nc5 16. Qxb4 1-0

[Event "Titled Tuesday 2024.09.10 Late"]
[Site "chess.com INT"]
[Date "2024.09.10"]
[Round "5"]
[White "Tologontegin, S."]
[Black "Atanasov, Anthony"]
[Result "0-1"]
[WhiteElo "2337"]
[BlackElo "2392"]
[PlyCount "148"]
[EventDate "2024.09.10"]
[EventType "swiss (blitz)"]
[EventRounds "11"]
[EventCountry "NET"]
[Source "Mark Crowther"]
[SourceDate "2024.09.16"]

1. b3 d5 2. Bb2 Bf5 3. g3 e6 4. Bg2 Nf6 5. c4 c6 6. Nf3 Nbd7 7. O-O Be7 8. d3
O-O 9. Nbd2 a5 10. a3 h6 11. Rc1 Bh7 12. Rc2 Re8 13. Qa1 c5 14. Re1 d4 15. Rcc1
Bd6 16. e4 e5 17. Nh4 Bf8 18. Nf5 a4 19. Qb1 Qa5 20. Qc2 b5 21. Rb1 Reb8 22.
Rec1 b4 23. axb4 cxb4 24. bxa4 Nc5 25. Nb3 Qxa4 26. Ba1 Nxb3 27. Rxb3 Bc5 28.
h3 Ra6 29. Kh2 Nd7 30. f4 exf4 31. gxf4 Bxf5 32. exf5 Re8 33. Be4 Bd6 34. Rf1
Nc5 35. Rb2 Qxc2+ 36. Rxc2 Nxe4 37. dxe4 Rxe4 38. Kh1 b3 39. Rd2 Rxf4 40. Rfd1
Ra2 41. Bxd4 Rxf5 42. Bc3 Be5 43. Bxe5 Rxe5 44. Kg2 Kh7 45. Kf3 Rf5+ 46. Ke4
Rh5 47. Rxa2 bxa2 48. Ra1 Rh4+ 49. Kd5 Rxh3 50. Rxa2 g5 51. c5 Rc3 52. Kd4 Rc1
53. Ra3 Kg6 54. Ra6+ f6 55. c6 g4 56. Ke3 Kg5 57. Ra5+ f5 58. Ra6 h5 59. Kd2
Rc5 60. Kd3 h4 61. Kd4 Rc1 62. Kd5 h3 63. Ra2 g3 64. Rb2 Rxc6 65. Kxc6 h2 66.
Rb1 g2 67. Rb8 h1=Q 68. Rg8+ Kf4 69. Rf8 g1=Q+ 70. Kd7 Qa7+ 71. Ke6 Qe4+ 72.
Kf6 Qae7+ 73. Kg6 Q4e6+ 74. Kh5 Qg5# 0-1

[Event "Titled Tuesday 2024.09.10 Late"]
[Site "chess.com INT"]
[Date "2024.09.10"]
[Round "6"]
[White "Atanasov, Anthony"]
[Black "Rosen, E."]
[Result "1-0"]
[WhiteElo "2392"]
[BlackElo "2377"]
[PlyCount "71"]
[EventDate "2024.09.10"]
[EventType "swiss (blitz)"]
[EventRounds "11"]
[EventCountry "NET"]
[Source "Mark Crowther"]
[SourceDate "2024.09.16"]

1. d4 d5 2. Nf3 Nf6 3. a3 Bf5 4. c4 e6 5. Qb3 Nbd7 6. cxd5 exd5 7. Qxb7 Bd6 8.
Nc3 Nb6 9. Qa6 O-O 10. g3 c5 11. Bg2 c4 12. O-O Re8 13. Ne5 Bxe5 14. dxe5 Rxe5
15. Bf4 Re6 16. Rfd1 Qc8 17. Qa5 Qc6 18. Be3 Rd8 19. Qxa7 Nc8 20. Qd4 Ne7 21.
Bg5 h6 22. Bxf6 Rxf6 23. e4 Be6 24. exd5 Nxd5 25. Nxd5 Bxd5 26. Bxd5 Qc7 27.
Bxf7+ Qxf7 28. Qxd8+ Kh7 29. Qd7 Qg6 30. Qd4 Qf5 31. Re1 Rg6 32. Qe4 Qh5 33. h4
Qc5 34. Kg2 h5 35. Rac1 Kh6 36. Qe3+ 1-0

[Event "Titled Tuesday 2024.09.10 Late"]
[Site "chess.com INT"]
[Date "2024.09.10"]
[Round "7"]
[White "Hong, Andrew"]
[Black "Atanasov, Anthony"]
[Result "1-0"]
[WhiteElo "2572"]
[BlackElo "2392"]
[PlyCount "239"]
[EventDate "2024.09.10"]
[EventType "swiss (blitz)"]
[EventRounds "11"]
[EventCountry "NET"]
[Source "Mark Crowther"]
[SourceDate "2024.09.16"]

1. d4 Nf6 2. Nc3 d5 3. Bf4 c5 4. e3 cxd4 5. exd4 Bg4 6. f3 Bd7 7. Qe2 e6 8. g4
Bb4 9. Qe3 Qa5 10. Nge2 Nc6 11. h4 h5 12. g5 Ng8 13. Bh3 Nge7 14. Kf2 Ng6 15.
Bg3 Bxc3 16. bxc3 O-O 17. Rhb1 b6 18. a4 Qa6 19. Bf1 Qc8 20. Nf4 Nxf4 21. Bxf4
Ne7 22. Bd3 Nf5 23. Bxf5 exf5 24. Be5 f4 25. Bxf4 Bf5 26. a5 Bxc2 27. Rb2 Re8
28. Be5 Bg6 29. axb6 axb6 30. Rxa8 Qxa8 31. Rxb6 Qa7 32. Rb2 Qa1 33. Re2 Kh7
34. Qd2 Rc8 35. Re3 Ra8 36. Re1 Qa3 37. Kg3 Qb3 38. Qe3 Qc2 39. Re2 Qd1 40. Re1
Qc2 41. Qc1 Qd3 42. Re3 Qc4 43. Qe1 Ra2 44. Bd6 Qa6 45. Bf4 Ra1 46. Qe2 Rg1+
47. Kh2 Qa1 48. Qf2 Rb1 49. Bg3 Rb2 50. Re2 Rb1 51. Re1 Qxc3 52. Rxb1 Bxb1 53.
Be5 Bg6 54. Kg3 Qc4 55. Qe1 Bf5 56. Qd2 Kg6 57. Kf4 Qf1 58. Qb2 Qh3 59. Qf2 f6
60. gxf6 gxf6 61. Bd6 Kf7 62. Ke3 Bg6 63. Kd2 Qf5 64. Bc5 Qd3+ 65. Ke1 Qb1+ 66.
Ke2 Bd3+ 67. Ke3 Bg6 68. Qd2 Qg1+ 69. Ke2 Qh2+ 70. Kd1 Qxh4 71. Qe3 Qh1+ 72.
Kd2 Qg2+ 73. Kc3 Qc2+ 74. Kb4 Qb2+ 75. Ka5 Qb7 76. Qf4 Qa8+ 77. Kb6 Qd8+ 78.
Kc6 Kg7 79. Bd6 Bf7 80. Qg3+ Kh7 81. Qf4 Qe8+ 82. Kc5 Qc8+ 83. Kb6 Qe6 84. Kc5
Bg6 85. Kc6 Be8+ 86. Kc5 Bf7 87. Bc7 Qd7 88. Bd6 Qc8+ 89. Kb6 Qd8+ 90. Kb5 Qe8+
91. Kc5 Qe6 92. Kc6 Kg6 93. Kc5 Bg8 94. Qg3+ Kh7 95. Qf4 Qc8+ 96. Kb6 Qd8+ 97.
Kc6 Qe8+ 98. Kc5 Qe6 99. Kc6 f5 100. Kc5 Qc8+ 101. Kb6 Qd8+ 102. Kb5 Qe8+ 103.
Kc5 Qc8+ 104. Kb6 Qe6 105. Kc5 Qe8 106. Be5 Qc8+ 107. Kb5 Qb7+ 108. Ka4 Qa6+
109. Kb4 Qb6+ 110. Kc3 Qa5+ 111. Kb3 Qb5+ 112. Kc3 Qc6+ 113. Kd2 Qg6 114. Qh4
Qh6+ 115. Ke2 Qa6+ 116. Kf2 Bf7 117. Qg5 Qg6 118. Qd8 Qg8 119. Qf6 Qg6 120.
Qh8# 1-0

[Event "Titled Tuesday 2024.09.17 Late"]
[Site "chess.com INT"]
[Date "2024.09.17"]
[Round "1"]
[White "Atanasov, Anthony"]
[Black "Senthilkumar, Pranav"]
[Result "1-0"]
[WhiteElo "2392"]
[BlackElo "1912"]
[PlyCount "111"]
[EventDate "2024.09.17"]
[EventType "swiss (blitz)"]
[EventRounds "11"]
[EventCountry "NET"]
[Source "Mark Crowther"]
[SourceDate "2024.09.23"]

1. d4 Nf6 2. Bf4 e6 3. e3 c5 4. Nf3 Nc6 5. Nc3 Be7 6. Nb5 O-O 7. Bc7 Qe8 8. Nd6
Bxd6 9. Bxd6 Ne7 10. Bxc5 Ne4 11. Ba3 f5 12. Bd3 b6 13. O-O Bb7 14. c4 Rf6 15.
Bxe4 Bxe4 16. Nd2 Bb7 17. f3 Rh6 18. Qe1 f4 19. e4 Nc6 20. Nb3 a5 21. Rd1 Qh5
22. h3 Rg6 23. Kh2 Ba6 24. Qe2 b5 25. Nc5 b4 26. Nxa6 Rxa6 27. c5 Ra8 28. d5
Ne5 29. Rd2 bxa3 30. bxa3 Rf8 31. Rc1 Rg3 32. Rc3 Rf6 33. Qf1 Qe8 34. c6 dxc6
35. dxc6 Nxc6 36. Qb5 e5 37. Rdc2 Rgg6 38. Qb7 Rd6 39. Rc5 Rge6 40. Rd5 Re7 41.
Qb3 Rxd5 42. Qxd5+ Re6 43. Rc5 Kf7 44. a4 Kf6 45. Qb3 Ne7 46. Rxa5 Qf7 47. Ra7
g5 48. Qb8 Kg6 49. Qh8 Qg7 50. Qd8 Kf6 51. a5 Qf7 52. a6 g4 53. fxg4 Qg6 54.
Qf8+ Qf7 55. g5+ Kg6 56. Qh6# 1-0

[Event "Titled Tuesday 2024.09.17 Late"]
[Site "chess.com INT"]
[Date "2024.09.17"]
[Round "2"]
[White "Lymar, Vladislav"]
[Black "Atanasov, Anthony"]
[Result "0-1"]
[WhiteElo "2146"]
[BlackElo "2392"]
[PlyCount "144"]
[EventDate "2024.09.17"]
[EventType "swiss (blitz)"]
[EventRounds "11"]
[EventCountry "NET"]
[Source "Mark Crowther"]
[SourceDate "2024.09.23"]

1. e4 e5 2. Nf3 Nc6 3. Bc4 Nf6 4. d3 a6 5. a4 Bc5 6. O-O O-O 7. c3 Ba7 8. Re1
Ng4 9. Re2 Kh8 10. h3 f5 11. exf5 Nxf2 12. Rxf2 d5 13. Bb3 Bxf2+ 14. Kxf2 Bxf5
15. Kg1 Bxd3 16. Qxd3 e4 17. Qxd5 exf3 18. Qxd8 Raxd8 19. Bg5 Rd3 20. Bc2 f2+
21. Kf1 Rg3 22. Be4 Rxg5 23. Nd2 Re5 24. Bf3 g6 25. Kxf2 Kg7 26. Kg1 h5 27. b3
Re6 28. b4 b6 29. Nb3 Ne5 30. Bd5 Rd6 31. Bb7 Rd3 32. Rc1 Rg3 33. Nd4 Nd3 34.
Rc2 Re8 35. Bxa6 h4 36. Re2 Rxe2 37. Nxe2 Re3 38. Kf1 Ne5 39. a5 bxa5 40. bxa5
Nc6 41. Bc4 Nxa5 42. Bd5 c6 43. Bf3 c5 44. Kf2 Re7 45. Nf4 Nc4 46. Nd5 Ra7 47.
Be2 Ra2 48. Kf3 Ne5+ 49. Ke3 Rb2 50. Nf4 Rc2 51. Nd5 g5 52. Bf1 Rc1 53. Be2 Kf7
54. Ke4 Re1 55. Ke3 Ng6 56. Kf2 Rc1 57. Bh5 Ke6 58. Ne3 Nf4 59. Bg4+ Ke5 60. c4
Kd4 61. Nf5+ Kxc4 62. Nd6+ Kd3 63. Nf7 c4 64. Nxg5 c3 65. Bf5+ Kc4 66. Nf3 Nd3+
67. Ke3 Ne1 68. Nxh4 Rd1 69. Kf4 Nd3+ 70. Ke3 c2 71. Be6+ Kc3 72. Ke2 Re1+ 0-1

[Event "Titled Tuesday 2024.09.17 Late"]
[Site "chess.com INT"]
[Date "2024.09.17"]
[Round "3"]
[White "Atanasov, Anthony"]
[Black "Bettalli, Francesco"]
[Result "1/2-1/2"]
[WhiteElo "2392"]
[BlackElo "2368"]
[PlyCount "167"]
[EventDate "2024.09.17"]
[EventType "swiss (blitz)"]
[EventRounds "11"]
[EventCountry "NET"]
[Source "Mark Crowther"]
[SourceDate "2024.09.23"]

1. d4 Nf6 2. Bf4 e6 3. e3 d5 4. Nd2 c5 5. Ngf3 Nc6 6. c3 Bd6 7. Bg3 Qe7 8. Bd3
O-O 9. Ne5 Nd7 10. Nxd7 Qxd7 11. Nf3 f6 12. e4 cxd4 13. cxd4 dxe4 14. Bxe4 Bb4+
15. Kf1 Ne7 16. a3 Bd6 17. Bxd6 Qxd6 18. Qd2 Bd7 19. g3 Bc6 20. Bxc6 Qxc6 21.
Kg2 Rad8 22. Rac1 Qd5 23. Rhe1 Nf5 24. Rc5 Qd6 25. Qe2 Nxd4 26. Qc4 Nxf3 27.
Rxe6 Nd2 28. Rxd6+ Nxc4 29. Rxd8 Rxd8 30. Rxc4 Rd7 31. Kf3 Kf7 32. h4 Ke6 33.
Re4+ Kd5 34. h5 Rc7 35. Re2 a5 36. Kf4 g6 37. h6 Rc4+ 38. Kf3 Rc7 39. Re8 Kd6
40. a4 Rc5 41. Rd8+ Ke6 42. Re8+ Kd6 43. g4 Rc1 44. Rd8+ Ke6 45. Rg8 Rh1 46.
Rg7 Rxh6 47. Rxb7 Rh3+ 48. Kf4 g5+ 49. Ke4 Rh2 50. Kf3 Rh3+ 51. Kg2 Rd3 52. b3
Rd5 53. Rxh7 Rd4 54. Rb7 Rxg4+ 55. Kf1 Rd4 56. Rb5 Rd5 57. Rb6+ Rd6 58. Rb8 Rd4
59. Ke2 Rd5 60. Ke3 Ke5 61. Re8+ Kf5 62. Ra8 g4 63. Rb8 Ke5 64. Re8+ Kf5 65.
Rb8 Ke5 66. Ke2 f5 67. f3 Kf4 68. fxg4 fxg4 69. b4 axb4 70. Rxb4+ Kg3 71. Rb5
Rd4 72. a5 Ra4 73. Rb3+ Kh2 74. Rb5 g3 75. Rh5+ Kg2 76. Ke1 Ra2 77. Rg5 Kh2 78.
Rh5+ Kg1 79. Rg5 g2 80. Rh5 Ra1+ 81. Ke2 Ra2+ 82. Ke1 Ra1+ 83. Ke2 Ra2+ 84. Ke1
1/2-1/2

[Event "Titled Tuesday 2024.09.17 Late"]
[Site "chess.com INT"]
[Date "2024.09.17"]
[Round "4"]
[White "Fishchuk, Vladyslav"]
[Black "Atanasov, Anthony"]
[Result "0-1"]
[WhiteElo "2264"]
[BlackElo "2392"]
[PlyCount "60"]
[EventDate "2024.09.17"]
[EventType "swiss (blitz)"]
[EventRounds "11"]
[EventCountry "NET"]
[Source "Mark Crowther"]
[SourceDate "2024.09.23"]

1. Nc3 Nf6 2. e4 e5 3. Nf3 Nc6 4. Bb5 Nd4 5. O-O c6 6. Bd3 d6 7. Nxd4 exd4 8.
Ne2 d5 9. e5 Ng4 10. Nxd4 Bc5 11. Nf3 O-O 12. h3 Nxf2 13. Rxf2 f6 14. exf6 Qxf6
15. Bf1 Bxf2+ 16. Kxf2 Qd4+ 17. Kg3 Qf4+ 18. Kf2 Bxh3 19. gxh3 Qh2+ 20. Bg2
Rxf3+ 21. Qxf3 Rf8 22. Qxf8+ Kxf8 23. d4 c5 24. Be3 cxd4 25. Bd2 Qc7 26. Rc1
Qb6 27. b3 d3+ 28. Kf1 Qf6+ 29. Ke1 Qe5+ 30. Kf2 Qe2+ 0-1

[Event "Titled Tuesday 2024.09.17 Late"]
[Site "chess.com INT"]
[Date "2024.09.17"]
[Round "5"]
[White "Naroditsky, D."]
[Black "Atanasov, Anthony"]
[Result "1/2-1/2"]
[WhiteElo "2619"]
[BlackElo "2392"]
[PlyCount "40"]
[EventDate "2024.09.17"]
[EventType "swiss (blitz)"]
[EventRounds "11"]
[EventCountry "NET"]
[Source "Mark Crowther"]
[SourceDate "2024.09.23"]

1. e4 e5 2. Nf3 Nf6 3. Nc3 Nc6 4. a3 d5 5. Bb5 Nxe4 6. Qe2 Qd6 7. Nxe4 dxe4 8.
Qxe4 Bd7 9. d4 O-O-O 10. dxe5 Nxe5 11. Bxd7+ Qxd7 12. O-O Nxf3+ 13. Qxf3 Bc5
14. b4 Bd4 15. c3 Bf6 16. Be3 Qd5 17. Qg4+ Qe6 18. Qf3 Qd5 19. Qg4+ Qe6 20. Qf3
Qd5 1/2-1/2